Piłkarze Reprezentacji Burundi - nagła śmierć - Statystyki

Ogólne statystyki
  • Ten quiz został rozwiązany 8 razy
  • Średni wynik to 3 z 8
Answers on the Grid
Answers color-coded by a green-red scale on the quiz's grid according to % correct below.
Emmanuel Okwi
Jean Claude Girumugisha
Saido Berahino
Mathieu Dossevi
Saïdi Ntibazonkiza
Stéphane Sessègnon
Gaël Bigirimana
Youssouf Ndayishimiye
Gift Orban
Jordi Liongola
Christophe Nduwarugira
Djihad Bizimana
Bienvenue Kanakimana
Fisayo Dele-Bashiru
 
Statystyki odpowiedzi
Odpowiedź % Poprawnych
Gaël Bigirimana
57%
Jean Claude Girumugisha
57%
Youssouf Ndayishimiye
57%
Bienvenue Kanakimana
43%
Christophe Nduwarugira
43%
Saïdi Ntibazonkiza
43%
Saido Berahino
29%
Jordi Liongola
14%
Nie znaleziono quizów pasujących do podanych kryteriów
Rozkład punktacji
Procent ludzi z każdym wynikiem
Percentyl według liczby udzielonych odpowiedzi
Twoja historia wyników
Nie rozwiązałeś tego quizu